| 000 | 00723nam a2200289Ia 4500 | ||
|---|---|---|---|
| 008 | 180313s9999 xx 000 0 und d | ||
| 020 | _a9780545872522 | ||
| 050 | _bGS FIC S857 2016 bk 63 | ||
| 100 | _aStilton, Geronimo | ||
| 245 | 4 | _aThe cheese experiment / | |
| 245 | _cby Geronimo Stilton. | ||
| 260 | _aNew York, New York : | ||
| 260 | _bScholastic Inc., | ||
| 260 | _c2016 | ||
| 300 | _a103 pages : | ||
| 300 | _bcolored illustrations ; | ||
| 300 | _c19cm. | ||
| 440 | _aGeronimo Stilton ; | ||
| 440 | _v63 | ||
| 650 | _aMice -- | ||
| 650 | _aStilton, Geronimo -- | ||
| 650 | _xFiction. | ||
| 650 | _xGraphic novel. | ||
| 650 | _xJuvenile fiction. | ||
| 700 | _aSeries. | ||
| 700 | _aTitle. | ||
| 999 |
_c356239 _d356239 |
||